| 000 | 00603nam a2200217 a 4500 | ||
|---|---|---|---|
| 008 | |||
| 020 | _a0074518267 (pbk.) | ||
| 049 | _aMAIN | ||
| 090 | 0 | 0 | _aQA76.8 |
| 100 | 1 | _aPAL, Ajit. | |
| 245 | 1 | 0 |
_aMicroprocessors : _bprinciples and applications / _cAjit Pal. |
| 260 |
_aNew Delhi : _bTata McGraw-Hill, _c1990. |
||
| 300 |
_axv, 332 p. : _bill. ; _c23 cm. |
||
| 500 | _aIncludes index. | ||
| 650 | 0 | _aMicroprocessors. | |
| 907 |
_a.b1009068x _b15-10-03 _c14-10-03 |
||
| 003 | |||
| 005 | 20230123133438.0 | ||
| 040 | _cNUST | ||
| 942 |
_cBOOKS _kQA76.8 |
||
| 999 |
_c148720 _d148720 |
||